Online
Catalog

The sin of the prophet / (Record no. 2002)

MARC details
000 -CABECERA
campo de control de longitud fija 00499cam a2200169 a 4500
001 - NÚMERO DE CONTROL
campo de control 000002151
005 - FECHA Y HORA DE LA ÚLTIMA TRANSACCIÓN
campo de control 20200929150153.0
008 - DATOS DE LONGITUD FIJA--INFORMACIÓN GENERAL
campo de control de longitud fija 750724s1952 mau 000 1 eng
040 ## - FUENTE DE LA CATALOGACIÓN
Centro catalogador/agencia de origen DO-SdBNP
Lengua de catalogación spa
Centro/agencia transcriptor BNPHU
082 ## - NÚMERO DE LA CLASIFICACIÓN DECIMAL DEWEY
Número de clasificación 813.54
Número de documento/Ítem N424s
100 1# - ENTRADA PRINCIPAL--NOMBRE DE PERSONA
Nombre de persona Nelson, Truman,
Fechas asociadas al nombre 1911-1987.
9 (RLIN) 6875
245 14 - MENCIÓN DE TÍTULO
Título The sin of the prophet /
Mención de responsabilidad, etc. Truman Nelson.
260 ## - PUBLICACIÓN, DISTRIBUCIÓN, ETC.
Lugar de publicación, distribución, etc. Boston, :
Nombre del editor, distribuidor, etc. Little,
Fecha de publicación, distribución, etc. [c1952].
300 ## - DESCRIPCIÓN FÍSICA
Extensión 450 p. ;
Dimensiones 22 cm.
650 #4 - PUNTO DE ACCESO ADICIONAL DE MATERIA--TÉRMINO DE MATERIA
Término de materia o nombre geográfico como elemento de entrada Novela estadounidense
9 (RLIN) 262
650 #4 - PUNTO DE ACCESO ADICIONAL DE MATERIA--TÉRMINO DE MATERIA
Término de materia o nombre geográfico como elemento de entrada Literatura estadounidense
9 (RLIN) 263
Holdings
Estado de retiro Estado de pérdida Restricciones de uso No para préstamo Código de colección Localización permanente Ubicación/localización actual Ubicación en estantería Fecha de adquisición Número de inventario Total de préstamos Signatura topográfica completa Código de barras Fecha visto por última vez Precio válido a partir de Tipo de ítem Koha
    Préstamo interno   Monografías: Libros y Folletos General General En catalogación 22.09.2009 LF1   813.54 N424s 2151-10 25.06.2020 25.06.2020 Préstamo interno

Powered by Koha